[Event "La Cumbre Rusnak Memorial op"]
[Site "La Cumbre"]
[Date "2019.09.14"]
[Round "3.14"]
[White "Tolaba, Miguel Angel"]
[Black "Lammers, Anton"]
[Result "0-1"]
[WhiteElo "1512"]
[BlackElo "1904"]
[PlyCount "76"]
[EventDate "2019.09.13"]
[EventType "swiss"]
[EventRounds "6"]
[EventCountry "ARG"]
[SourceTitle "EXT 2024"]
[Source "ChessBase"]
[SourceDate "2023.10.10"]
[SourceVersion "1"]
[SourceVersionDate "2023.10.10"]
[SourceQuality "1"]

1. e4 c5 2. Nf3 d6 3. d4 cxd4 4. Nxd4 Nf6 5. Nc3 a6 6. Be3 Nbd7 7. f3 e6 8. Qd2 b5 9. Bd3 Bb7 10. 0-0-0 b4 11. Nce2 d5 12. exd5 Nxd5 13. Rhe1 Nxe3 14. Qxe3 Bc5 15. Qd2 Qb6 16. Bc4 0-0 17. Kb1 Rad8 18. Qg5 Nf6 19. Nb3 Be3 20. Qa5 Nd5 21. Bxd5 Qxa5 22. Nxa5 Bxd5 23. Nc1 Bf2 24. Rf1 Bb6 25. Nab3 a5 26. Nd3 Bc4 27. Nbc1 f6 28. b3 Bb5 29. Rfe1 e5 30. a3 bxa3 31. c4 Be8 32. Ka2 a4 33. Kxa3 axb3 34. Nb2 Bd4 35. Ncd3 Rb8 36. c5 Rf7 37. Rc1 Ra7+ 38. Na4 Rxa4# 0-1